| 000 | 01101nam a2200217Ia 4500 | ||
|---|---|---|---|
| 003 | Ost | ||
| 005 | 20260507074931.0 | ||
| 008 | 260507s9999||||xx |||||||||||||| ||und|| | ||
| 040 | _cfsecg | ||
| 041 | _aara | ||
| 082 | _a600 | ||
| 100 |
_aالصميدعي، محمود جاسم _eمؤلف |
||
| 245 | 0 |
_aإدارة المنتجات / _c محمود جاسم الصميدعي |
|
| 250 | _aطبعة 2 | ||
| 260 |
_aعمان: _bدار المسيرة للنشر, _c2017 |
||
| 300 |
_a334 صفحة؛ _bإيضاحات ؛ _c25 سم |
||
| 520 | _aيضم مقدمة في ادارة المنتجات،أساسيات ادارة المنتجات،المنتجات،مدخل في تخطيط وتطوير المنتجات،تصميم وتطوير المنتجات،تطوير المنتجات الجديدة،مراحل تطوير المنتجات الجديدة،اختبار المنتج والسوق،العمليات المرتبطة بعملية تطوير المنتجات | ||
| 653 | _aإدارة الانتاج | ||
| 700 |
_aردينة، عثمان يوسف _eمؤلف ثانوي |
||
| 942 | _cكتاب | ||
| 999 |
_c41850 _d41850 |
||